Our judiciary / (Record no. 54351)

MARC details
000 -LEADER
fixed length control field 01035nam a22002417a 4500
005 - DATE AND TIME OF LATEST TRANSACTION
control field 20110725164658.0
010 ## - LCCN (DPL NO)
LC control number B-441234
020 ## - INTERNATIONAL STANDARD BOOK NUMBER
International Standard Book Number 9788123706351
Terms of availability 70.00
035 ## - SYSTEM CONTROL NUMBER
System control number B-441234
037 ## - SOURCE OF ACQUISITION
Source of stock number/acquisition Allied Publishers
082 ## - DEWEY DECIMAL CLASSIFICATION NUMBER
Classification number 347.5101
100 ## - MAIN ENTRY--PERSONAL NAME
Personal name Agarwala, B.R.
245 ## - TITLE STATEMENT
Title Our judiciary /
Statement of responsibility, etc by B.R. Agarwla; edited by Pramod B. Agarwala
260 ## - PUBLICATION, DISTRIBUTION, ETC. (IMPRINT)
Place of publication, distribution, etc New Delhi
Name of publisher, distributor, etc National Book Trust
Date of publication, distribution, etc 2009
270 ## - ADDRESS
Address Nehru Bhawan, 5 Institutional Area, Phase-II, Vasant Kunj
City New Delhi
Postal code 110070
300 ## - PHYSICAL DESCRIPTION
Extent xiii,204p
Dimensions 24cm (pbk)
490 ## - SERIES STATEMENT
Series statement India- the land and the people
-- 30518
500 ## - GENERAL NOTE
General note Includes index
700 ## - ADDED ENTRY--PERSONAL NAME
Personal name Agarwala, Pramod B.
9 (RLIN) 5645
942 ## - ADDED ENTRY ELEMENTS (KOHA)
Source of classification or shelving scheme Dewey Decimal Classification
Item type English Books
Call number suffix AGA
Classification part 347.5101
Holdings
Withdrawn status Lost status Not for loan Collection code Home library Current library Date acquired Source of acquisition Cost, normal purchase price Full call number Barcode Copy number Cost, replacement price Koha item type
  Written-off vide DLB M. No. 383 dt 16.05.19   Non-fiction Central Library Central Library 29/07/2011 Allied Publishers/CR/0000056/20.4.11/85/24.3.11/10.6.11 70.00 347.5101 AGA B-441234 1 70.00 English Books

© Delhi Public Library
Hit Counter
free hit counter